MICROECONOMIC THEORY (Record no. 296523)

MARC details
000 -LEADER
fixed length control field 004430000a22001690004500
082 ## - DEWEY DECIMAL CLASSIFICATION NUMBER
Classification number 338.5 SAL/SC
100 ## - MAIN ENTRY--PERSONAL NAME
Personal name SALVATORE, DOMINICK
Date of a work Author
245 ## - TITLE STATEMENT
Title MICROECONOMIC THEORY
250 ## - EDITION STATEMENT
Edition statement 3
260 ## - PUBLICATION, DISTRIBUTION, ETC. (IMPRINT)
Place of publication, distribution, etc. NEW DELHI, TATA McGRAW-HILL PUBLISHING COMPANY
260 ## - PUBLICATION, DISTRIBUTION, ETC. (IMPRINT)
Date of publication, distribution, etc. 2004
300 ## - PHYSICAL DESCRIPTION
Extent pages 364
650 ## - SUBJECT ADDED ENTRY--TOPICAL TERM
Topical term or geographic name as entry element CONSUMER DEMAND THEORY
650 ## - SUBJECT ADDED ENTRY--TOPICAL TERM
Topical term or geographic name as entry element DEMAND,SUPPLY AND EQUILIBRIUM
650 ## - SUBJECT ADDED ENTRY--TOPICAL TERM
Topical term or geographic name as entry element MEASUREMENT OF ELASTICITIES
942 ## - ADDED ENTRY ELEMENTS (KOHA)
Koha item type Books (General)
Holdings
Withdrawn status Lost status Damaged status Not for loan Home library Current library Date acquired Total Checkouts Full call number Barcode Date last seen Price effective from Koha item type
        College of Agriculture, Padannakkad College of Agriculture, Padannakkad 24/07/2013   338.5 SAL/SC KAU_COAP-06224 24/07/2013 11/06/2018 Reference Book
Kerala Agricultural University Central Library
Thrissur-(Dt.), Kerala Pin:- 680656, India
Ph : (+91)(487) 2372219
E-mail: librarian@kau.in
Website: http://library.kau.in/